Les 20 départements les plus au nord - Facile - Statistiques

Statistiques générales
  • Ce quiz a été pris 192 fois
  • Le résultat moyen est 17 sur 20
Statistiques - réponses
Département Coordonnées Localité % Correct
Nord 51° 04′ 18″ Nord Bray-Dunes
99%
Pas-de-Calais 50° 58′ 43″ Nord Oye-Plage
98%
Somme 50° 20′ 58″ Nord Nampont
94%
Moselle 49° 29′ 41″ Nord Rédange
91%
Seine-Maritime 50° 02′ 53″ Nord Eu
91%
Aisne 50° 02′ 33″ Nord Fesmy-le-Sart
89%
Eure 49° 28′ 22″ Nord Quillebeuf-sur-Seine
89%
Marne 49° 23′ 14″ Nord Saint-Étienne-sur-Suippe
89%
Oise 49° 42′ 24″ Nord Golancourt
89%
Ardennes 50° 08′ 20″ Nord Givet
88%
Bas-Rhin 49° 02′ 18″ Nord Wissembourg
88%
Meurthe-et-Moselle 49° 32′ 28″ Nord Mont-Saint-Martin
88%
Calvados 49° 23′ 39″ Nord Ablon
85%
Manche 49° 42′ 43″ Nord Saint-Germain-des-Vaux et Auderville
84%
Meuse 49° 35′ 03″ Nord Breux
84%
Val-d'Oise 49° 12′ 00″ Nord Saint-Clair-sur-Epte
81%
Seine-Saint-Denis 48° 57′ 00″ Nord Tremblay-en-France
78%
Orne 48° 56′ 27″ Nord Saint-Aubin-de-Bonneval
71%
Seine-et-Marne 49° 05′ 23″ Nord Crouy-sur-Ourcq
70%
Yvelines 49° 04′ 38″ Nord Gommecourt
65%
Aucun quiz correspondant
Distribution des résultats
% des personnes avec chaque résultat
Percentile par nombre de réponses
Votre historique - résultats
Vous n’avez pas pris ce quiz